Statistics for Walt Disney World Epcot Attractions

Click here to take the quiz!

General Stats

  • This quiz has been taken 197 times
  • The average score is 10 of 30

Answer Stats

HintAnswer% Correct
Future WorldTest Track
91%
Future WorldSoarin'
88%
Future WorldMission: Space
86%
Future WorldSpaceship Earth
86%
Future WorldLiving with the Land
72%
World ShowcaseMaelstrom
58%
Future WorldThe Seas with Nemo and Friends
56%
Future WorldJourney Into Imagination with Figment
53%
Future WorldEllen's Energy Adventure
47%
World ShowcaseGran Fiesta Tour Starring The Three Caballeros
40%
World ShowcaseO Canada!
36%
Future WorldTurtle Talk with Crush
36%
World ShowcaseThe American Adventure
34%
World ShowcaseImpressions de France
28%
World ShowcaseReflections of China
27%
Future WorldThe Circle of Life
26%
Future WorldInnoventions East
25%
Future WorldInnoventions West
25%
Future WorldCaptain EO
24%
Future WorldImageWorks - The "What If" Labs
9%
World ShowcaseKidcot Fun Stops
5%
Future WorldLeave A Legacy
4%
World ShowcaseAmerican Heritage Gallery
3%
World ShowcaseBijutsu-kan Gallery
3%
World ShowcaseGallery of Arts and History
3%
World ShowcaseMexico Folk Art Gallery
3%
World ShowcaseStave Church Gallery
3%
Future WorldAdvanced Training Lab
2%
World ShowcaseHouse of the Whispering Willows
1%
Future WorldSeaBase
1%

Score Distribution

Percentile by Number Answered

Percent of People with Each Score

Your Score History

You have not taken this quiz